[Event "22nd Hoogeveen Open 2018"]
[Site "Hoogeveen"]
[Date "2018.10.27"]
[Round "9"]
[White "Pruijssers, Roeland"]
[Black "Beerdsen, Thomas"]
[Result "1/2-1/2"]
[WhiteElo "2501"]
[BlackElo "2460"]
[Annotator "TA"]
[PlyCount "102"]
[EventDate "2018.10.20"]
[EventType "swiss"]
[EventCountry "NED"]
[SourceTitle "playchess.com"]
[Source "ChessBase"]
[SourceQuality "1"]

{[%evp 16,102,25,23,24,24,24,11,8,-11,-13,-5,5,0,25,-6,0,0,0,0,0,0,0,-4,25,-11,33,33,65,29,33,43,114,93,83,62,101,58,68,81,131,125,131,90,95,90,170,123,117,97,108,101,259,237,203,0,0,0,0,-20,-30,-81,0,0,0,-4,6,7,17,0,27,16,33,14,9,4,10,0,0,0,0,0,0,0,0,0,0,0,0]} 1. e4 c5 2. Nf3 d6 3. d4 cxd4 4. Nxd4 Nf6 5. Nc3 a6 6. Be3 Ng4 7. Bc1 Nc6 {B90: Sizilianisch (Najdorf-Variante, Abweichungen)} 8. Be2 Qb6 9. Bxg4 {LiveBook: 8 Partien} Bxg4 {Weiß hat minimalen Vorteil.} 10. Qxg4 {Und Sf5 würde nun gewinnen.} Qxd4 11. O-O e6 12. Be3 $146 ({Vorgänger:} 12. Bf4 h5 13. Qe2 Be7 14. Rfd1 Qb4 15. Rab1 {0-1 (34) Kuzubov,Y (2663)-Navara,D (2727) Brest 2018}) 12... Qb4 13. Rab1 Ne5 14. Qe2 Rc8 15. Rfd1 Qc4 16. Qe1 Be7 17. f4 Ng4 18. Bd4 Bf6 19. Bxf6 gxf6 20. Qd2 Rc6 21. Rf1 b5 22. a3 Qc5+ 23. Kh1 Ne3 {[#]} ({Lieber} 23... Qe3 $14 24. Qe1 Qxe1 25. Rbxe1 Nh6) 24. Rf3 $1 $16 {[%cal Rf3e3]} Nc4 25. Qe2 Rc7 26. Nd1 {[%cal Bc3d1,Bd1f2,Bf2d3][%mdl 32]} Ke7 27. Nf2 Qh5 28. Nd3 Rhc8 29. c3 f5 30. Rd1 Rd7 (30... Kf8 $16) 31. Qe1 fxe4 32. Qxe4 d5 33. Qd4 {zielt auf f5! ab.} Nd6 $2 (33... Qf5 $16) 34. Ne5 $18 Rdc7 35. f5 $2 (35. g4 $18 Qh6 36. f5) 35... Nxf5 $11 36. Qb4+ Ke8 {Droht ...Sg3+! und aus.} 37. Re1 Qh4 38. c4 {[#]} (38. Qxh4 $11 {bleibt in der Remisbreite.} Nxh4 39. Rh3) 38... Rxc4 (38... Qg5 $1 $17 39. Rf2 dxc4) 39. Nxc4 Rxc4 40. Qa5 Re4 41. Rg1 Ra4 $1 {[%cal Ra4a5]} 42. Qc7 {Droht stark b4.} Qe7 (42... Qd8 $5 {[%cal Rd8c7]} 43. Qc6+ Qd7 $11) 43. Qe5 {Schwarz muss nun b4 beachten.} Re4 44. Qb8+ {[%mdl 1024] Weiss hat Kompensation.} Qd8 $132 {[%mdl 2048] Die Stellung ist ausgeglichen. Schwarz has counterplay} 45. Qb7 Qd6 $1 46. Rh3 h6 $1 47. b3 {g4 ist eine echte Drohung.} Kf8 48. Qa8+ Ke7 49. Qa7+ Kf8 50. Qa8+ Ke7 51. Qa7+ Kf8 {Precision: Weiß = 57%, Schwarz = 57%.} 1/2-1/2

[Event "22nd Hoogeveen Open 2018"]
[Site "Hoogeveen"]
[Date "2018.10.27"]
[Round "9"]
[White "Iniyan, P."]
[Black "Shyaamnikhil P"]
[Result "1-0"]
[WhiteElo "2476"]
[BlackElo "2429"]
[Annotator "TA"]
[PlyCount "97"]
[EventDate "2018.10.20"]
[EventType "swiss"]
[EventCountry "NED"]
[SourceTitle "playchess.com"]
[Source "ChessBase"]
[SourceQuality "1"]

{[%evp 25,97,19,26,15,20,36,23,14,19,33,60,39,62,21,29,0,56,20,43,16,62,21,23,12,22,16,12,16,17,17,13,17,18,0,0,0,0,0,0,0,63,64,84,84,94,6,295,296,273,282,295,294,282,249,437,411,434,422,512,502,504,453,560,531,623,621,600,604,551,558,687,697,797,769]} 1. d4 Nf6 2. c4 g6 3. f3 c5 4. d5 Bg7 5. e4 O-O 6. Nc3 d6 7. Nge2 a6 8. a4 e6 9. Ng3 exd5 10. cxd5 h5 {A65: Modern Benoni: 6 e4} (10... Nbd7 11. Be2 Ne8 12. O-O Rb8 13. f4 Nc7 14. e5 dxe5 15. f5 b5 16. d6 Ne8 17. axb5 axb5 18. Nce4 c4 19. Bg5 {½-½ (28) Aronian,L (2780)-Nepomniachtchi,I (2767) Wijk aan Zee 2017}) 11. Bg5 Qe8 12. Qd2 Nh7 13. Bh6 h4 {LiveBook: 5 Games} 14. Nge2 {[%cal Bg3e2,Be2f4,Bf4h5][%mdl 32]} Nd7 15. Bxg7 Kxg7 16. Nf4 Ne5 17. Be2 g5 $146 ({Predecessor:} 17... f5 18. exf5 {0-1 (32) Tang,A (2496)-Panjwani,R (2421) Charlotte 2017}) 18. Nh5+ Kh8 19. f4 gxf4 20. Qxf4 f5 (20... Qe7 $11) 21. O-O Qe7 $1 22. Qh6 {Black should prevent Rf2.} Bd7 23. exf5 Bxf5 24. Rf4 {White wants to play Raf1.} Rf7 $1 25. Raf1 Raf8 $1 26. h3 Bg6 27. Rxf7 Rxf7 28. Rxf7 Qxf7 29. Nf4 Qf6 30. Nxg6+ $40 {[%mdl 128] White mounts an attack.} Nxg6 31. Ne4 Qd4+ 32. Nf2 Nf4 (32... Qxb2 $11 33. Qxg6 Qxe2) 33. Bf1 $1 $14 Nxd5 {Threatening ...Nf4.} 34. Qxd6 {[#] Threatens to win with Qb8+.} b6 35. Bd3 ({Better is} 35. Bxa6 $16 {next Qh6 is good for White.} Nhf6 36. Qf8+ Ng8 37. Qf7) 35... Ndf6 $2 {[%mdl 8192]} (35... Nhf6 $11 {and Black is okay.}) 36. Qxd4 $18 ({Don't play} 36. Qxb6 $6 Qxa4 37. Qxc5 Qa1+ 38. Bf1 Qxb2 $18) 36... cxd4 37. Bxa6 {[%mdl 4096] Endgame KBN-KNN} Kg7 38. Nd3 Ng5 39. Ne5 Nfe4 $2 {[#]} (39... Nd5 {was called for.} 40. Nc4 Ne6) 40. Nd7 Ne6 41. Nxb6 {White is clearly winning.} N6c5 42. Be2 d3 43. Bf3 d2 44. Kf1 Nd3 45. Nc4 Ng3+ 46. Kg1 Ne4 47. a5 Nec5 48. Nxd2 Nxb2 49. Be2 {Precision: White = 70%, Black = 40%.} 1-0

[Event "22nd Hoogeveen Open 2018"]
[Site "Hoogeveen"]
[Date "2018.10.27"]
[Round "9"]
[White "Kevlishvili, Robby"]
[Black "Boersma, Jan"]
[Result "1-0"]
[WhiteElo "2461"]
[BlackElo "2047"]
[Annotator "TA"]
[PlyCount "53"]
[EventDate "2018.10.20"]
[EventType "swiss"]
[EventCountry "NED"]
[SourceTitle "playchess.com"]
[Source "ChessBase"]
[SourceQuality "1"]

{[%evp 17,53,0,70,25,39,45,65,75,68,50,52,38,44,47,41,31,51,53,66,62,70,36,66,76,64,67,116,116,108,118,442,439,382,397,474,449,670,679]} 1. e4 c5 2. Nf3 g6 3. c4 Nc6 4. d4 cxd4 5. Nxd4 Nf6 6. Nc3 d6 7. Nc2 Bg7 8. Be2 O-O 9. O-O b6 ({Black should try} 9... Nd7 $11) 10. Rb1 {B37: Sicilian: Maroczy Bind with 5...Bg7, sidelines} (10. Be3 Bb7 11. f3 Rc8 12. Qd2 Re8 13. Rac1 Nd7 14. b3 Nc5 {½-½ (14) Abbasov,F (2531)-Mirzoev,A (2523) Julfa 2016}) 10... Bb7 11. b3 Nb8 $146 ({Predecessor:} 11... Nd7 12. Bb2 Nc5 13. f3 a5 14. Qd2 Ne6 15. Nd5 Bxb2 16. Rxb2 Nc5 17. Qc3 {0-1 (33) Multhopp,H (2191)-Rodchenkov,V (2343) Moscow 2006}) 12. f3 {White is slightly better.} Nbd7 13. Bb2 a6 14. a4 Rc8 15. Qd2 Re8 16. Rfd1 Bf8 17. Nd5 e6 18. Nxf6+ Nxf6 19. Kh1 Nh5 20. Qd4 {[%csl Gb2][%cal Rd4h8] [#]} e5 21. Qf2 d5 22. exd5 Bc5 23. Qe1 e4 $2 {[%mdl 8192]} (23... a5 $16 24. Ba3 Bd6 25. Bxd6 Qxd6) 24. Qc3 $18 {[%csl Gb2][%cal Rc3h8] [#]} f6 25. fxe4 Nf4 26. Bf3 Re5 (26... a5 $142 27. Qxf6 Qxf6 28. Bxf6 Rc7) 27. Qd2 {Precision: White = 57%, Black = 21%.} 1-0

[Event "22nd Hoogeveen Open 2018"]
[Site "Hoogeveen"]
[Date "2018.10.27"]
[Round "9"]
[White "Karthikeyan, P.."]
[Black "Buckels, Valentin"]
[Result "1/2-1/2"]
[WhiteElo "2443"]
[BlackElo "2413"]
[Annotator "TA"]
[PlyCount "88"]
[EventDate "2018.10.20"]
[EventType "swiss"]
[EventCountry "NED"]
[SourceTitle "playchess.com"]
[Source "ChessBase"]
[SourceQuality "1"]

{[%evp 18,88,10,18,28,29,37,14,13,25,22,12,13,0,0,0,0,0,0,3,18,8,9,19,10,2,22,3,3,3,4,4,6,0,6,0,71,4,17,0,0,0,0,0,0,0,0,0,0,-59,0,-33,-35,-29,-35,-32,-8,-21,-21,-8,-8,-27,-27,-43,-8,-8,0,0,0,0,0,-8,-8]} 1. c4 e6 2. Nc3 Nf6 3. e4 d5 4. e5 d4 5. exf6 dxc3 6. bxc3 Qxf6 7. Nf3 Nc6 {A18: English Opening: Flohr-Mikenas System (1 c4 Nf6 2 Nc3 e6 3 e4)} 8. d4 e5 9. Be2 exd4 10. Bg5 {LiveBook: 4 Games} Qd6 $146 ({Predecessor:} 10... Qg6 11. O-O dxc3 12. Bd3 Qd6 13. Re1+ Be7 14. c5 Qxc5 15. Bxe7 Nxe7 16. Re5 {1-0 (36) Dubov,D (2701)-Nakamura,H (2787) Moscow 2018}) 11. cxd4 Be7 $1 {[%cal Re7g5]} 12. Bxe7 (12. Be3 {is more complex.} Bf6 13. O-O O-O 14. Rc1 Re8 15. d5) 12... Nxe7 13. O-O O-O 14. Qb3 b6 15. c5 bxc5 16. dxc5 Qxc5 17. Rac1 Qb6 18. Bc4 Nf5 19. Qc2 Nd4 20. Nxd4 Qxd4 21. Rfd1 Qe5 22. Bd5 Bg4 23. f3 Bf5 24. Qc5 {[#] Threatens to win with Bxf7+!} ({Avoid the trap} 24. Qxc7 $2 Qe3+ 25. Kh1 Rac8 $19) 24... Rae8 25. Qxa7 ({Don't go for} 25. Qxc7 $2 Qe3+ 26. Kh1 Rc8 $19) 25... Be6 26. Bc6 Rb8 {[#]} (26... Rd8 $11) 27. Re1 (27. a4 $1 $16) 27... Qd6 28. Qf2 Qa3 29. Rc2 Rfd8 {[%cal Bf8d8,Bd8d3,Bd3a3,Ba3a5][%mdl 32]} 30. Qe3 Rd3 31. Qe5 Qa7+ 32. Kh1 Ra3 33. f4 ({White should try} 33. Bd5 $11 Qa5 34. Rce2) 33... g6 (33... Ra5 $15 34. Qa1 Rxa2 35. Rxa2 Qxa2) 34. Bf3 Ra5 35. Qxc7 Qxc7 36. Rxc7 Rxa2 37. Rb7 Rd8 38. Rb4 Rdd2 39. Kg1 h5 40. h3 Ra3 41. Re2 {The position is equal.} Rxe2 42. Bxe2 Ra1+ 43. Kh2 Bd5 44. Bc4 Bxc4 {Precision: White = 43%, Black = 63%.} 1/2-1/2

[Event "22nd Hoogeveen Open 2018"]
[Site "Hoogeveen"]
[Date "2018.10.27"]
[Round "9"]
[White "Warmerdam, Max"]
[Black "Romanov, Evgeny"]
[Result "1/2-1/2"]
[WhiteElo "2417"]
[BlackElo "2614"]
[Annotator "TA"]
[PlyCount "97"]
[EventDate "2018.10.20"]
[EventType "swiss"]
[EventCountry "NED"]
[SourceTitle "playchess.com"]
[Source "ChessBase"]
[SourceQuality "1"]

{[%evp 12,97,43,27,51,43,52,34,58,14,18,30,25,18,22,28,30,15,21,10,11,17,36,24,34,32,81,-39,-48,-43,-38,-58,-51,-52,16,15,18,23,20,-7,-27,-44,20,15,35,30,41,0,66,82,68,87,135,108,79,0,0,0,0,0,0,0,0,0,0,0,0,0,0,0,0,0,0,0,0,0,0,0,0,0,0,0,0,0,0,0,0,0]} 1. e4 g6 2. d4 Bg7 3. Nf3 c6 4. h3 d6 5. Bd3 Nf6 6. O-O {B06: Modern Defence} O-O 7. Re1 {LiveBook: 16 Games} a5 $146 ({Predecessor:} 7... Nbd7 8. c3 e5 9. Be3 Qc7 10. Nbd2 b6 11. a4 Bb7 12. dxe5 dxe5 13. Qc2 Nh5 14. Red1 {0-1 (36) Alekseev,E (2617)-Mamedov,R (2709) Batumi 2018}) 8. Bf4 {White is slightly better.} a4 9. a3 Nbd7 10. Bh2 Ne8 11. c3 e5 12. Nbd2 {[%cal Bb1d2,Bd2f1,Bf1e3,Be3c4][%mdl 32]} Qe7 13. Nf1 Nc7 14. Rc1 b5 15. Ne3 Rd8 16. Bf1 Bb7 17. c4 bxc4 18. Nxc4 Nb5 19. d5 ({Better is} 19. Qd2 $16) 19... cxd5 $15 20. Ne3 dxe4 21. Bxb5 {Hoping for Rc7.} exf3 22. Rc7 Rab8 ({Black should try} 22... Ba6 $15 23. Bxa4 fxg2) 23. Qxa4 $11 {[%cal Rb5d7]} Bc8 $1 24. Bg3 $36 {[%mdl 2048] White has some pressure.} fxg2 25. Bc6 Qe6 $1 26. Qa7 Qxh3 ({Worse is} 26... Rxb2 27. Rxc8 $1 {[%mdl 512]} Rxc8 28. Bxd7 $16) (26... e4 $1 $15 27. Nxg2 Qxh3) 27. Bxg2 Qe6 28. b4 e4 29. Bf1 d5 (29... Be5 $11) 30. Rxd7 $14 Bxd7 31. Bxb8 Bc3 32. Rd1 d4 {[#]} 33. Rxd4 (33. Bc4 $1 $16 {[%cal Rc4e6]} Qh3 34. Qb6) 33... Bxd4 $11 {The position is equal.} 34. Qxd4 Rxb8 35. Nd5 Bc6 36. Nf6+ Kf8 {aiming for ...Ke7.} 37. Bc4 Qf5 {White must now prevent ...Rc8.} 38. Qd6+ Kg7 39. Qxb8 Qxf6 40. b5 $1 {[%cal Rb5c6]} Qg5+ 41. Qg3 Qc1+ 42. Bf1 Bxb5 43. Qe5+ Kh6 44. Qxb5 {Strongly threatening Qb3.} Qxa3 45. Qe5 f5 46. Qf4+ Kg7 47. Qe5+ Kh6 48. Qf4+ Kg7 49. Qe5+ {Precision: White = 44%, Black = 65%.} 1/2-1/2

[Event "22nd Hoogeveen Open 2018"]
[Site "Hoogeveen"]
[Date "2018.10.27"]
[Round "9"]
[White "Zwirs, Nico"]
[Black "Bluhm, Sonja Maria"]
[Result "1-0"]
[WhiteElo "2410"]
[BlackElo "2281"]
[Annotator "TA"]
[PlyCount "75"]
[EventDate "2018.10.20"]
[EventType "swiss"]
[EventCountry "NED"]
[SourceTitle "playchess.com"]
[Source "ChessBase"]
[SourceQuality "1"]

{[%evp 13,75,6,9,0,9,-4,9,3,12,11,8,2,14,0,17,-8,-22,-34,-15,-10,2,-15,11,2,29,9,10,10,22,24,57,51,71,67,61,46,94,83,235,241,614,349,620,229,290,281,318,213,207,201,200,190,201,205,198,195,206,211,268,249,246,250,452,418]} 1. e4 e5 2. Nf3 Nc6 3. Bc4 Bc5 4. d3 Nf6 5. Nc3 h6 6. a3 a6 7. b4 {C50: Hungarian Defence and Giuoco Pianissimo} Ba7 {LiveBook: 4 Games} 8. h3 d6 9. Ne2 {The position is equal.} Ne7 $146 ({Predecessor:} 9... Be6 10. Bxe6 fxe6 11. Ng3 O-O 12. c3 Qe8 13. O-O Nh5 14. Nxh5 Qxh5 {½-½ (24) Svidler,P (2741)-Yu,Y (2750) Shenzhen 2017}) 10. Ng3 Ng6 11. O-O O-O 12. Bb3 Be6 13. Bxe6 fxe6 14. d4 exd4 15. Nxd4 Qe7 16. Be3 Ne5 17. Qe2 b5 18. a4 c5 19. bxc5 dxc5 20. Nb3 c4 21. Nd4 Bxd4 22. Bxd4 Nfd7 23. f4 $36 {[%mdl 2048] White fights for an advantage.} Nc6 24. Be3 Rae8 25. e5 Qh4 $2 (25... Nc5 $16 {was called for.}) 26. Ne4 Ne7 $2 (26... Nb4 27. axb5 axb5) 27. axb5 axb5 $2 (27... Nd5 28. bxa6 Nxf4 29. Rxf4 (29. Qxc4 Nxe5 30. Rxf4 Qxf4 $16) 29... Rxf4) 28. Nd6 $2 (28. Bf2 Qxf4 29. Bg3 Qxf1+ 30. Rxf1) 28... Rb8 29. Ra7 Rfd8 30. Bf2 Qxf4 {[#]} 31. Bb6 $1 {[%mdl 512]} Qxe5 (31... Rxb6 32. Rxf4) 32. Qxe5 Nxe5 33. Bxd8 Rxd8 34. Nf7 Nxf7 35. Rxe7 Ng5 36. h4 Ne4 {[#]} 37. Rff7 $1 {[%mdl 1024] White has strong compensation.} ({Much less strong is} 37. Rxe6 $6 Rd4 $16) 37... Rd1+ $2 (37... Nd6 {is a better defense.} 38. Rxg7+ Kf8) 38. Kh2 {Precision: White = 61%, Black = 30%.} 1-0

[Event "22nd Hoogeveen Open 2018"]
[Site "Hoogeveen"]
[Date "2018.10.27"]
[Round "9"]
[White "Miedema, David"]
[Black "Rakshitta Ravi"]
[Result "1-0"]
[WhiteElo "2379"]
[BlackElo "2160"]
[Annotator "NA"]
[PlyCount "115"]
[EventDate "2018.10.20"]
[EventType "swiss"]
[EventCountry "NED"]
[SourceTitle "playchess.com"]
[Source "ChessBase"]
[SourceQuality "1"]
[TimeControl "40/5400+30:1800+30"]

1. Nf3 {[%emt 0:00:00]} Nf6 {[%emt 0:01:09]} 2. c4 {[%emt 0:00:00]} e6 {[%emt 0:00:12]} 3. g3 {[%emt 0:00:00]} d5 {[%emt 0:00:05]} 4. Bg2 {[%emt 0:00:00]} Be7 {[%emt 0:00:11]} 5. O-O {[%emt 0:00:20]} O-O {[%emt 0:00:03]} 6. b3 {[%emt 0:00:40]} b6 {[%emt 0:00:09]} 7. Bb2 {[%emt 0:00:06]} Bb7 {[%emt 0:00:05]} 8. d3 {[%emt 0:05:20]} c5 {[%emt 0:00:25]} 9. cxd5 {[%emt 0:00:09]} Nxd5 {[%emt 0:00:42]} 10. a3 {[%emt 0:06:39]} Nc6 {[%emt 0:00:56] LiveBook: 5 Games} 11. e4 $146 {[%emt 0:01:40] A14: English Opening: 1...e6 with b3 by White} ({Predecessor:} 11. Ra2 Rc8 12. Nbd2 Bf6 13. Qa1 Bxb2 14. Qxb2 Qe7 15. Rc1 Rfd8 16. Nc4 Nd4 17. Raa1 Nf6 18. Nce5 Nxf3+ 19. Nxf3 {1-0 (48) Steczek,M (2350)-Seils,J (2327) Germany 2016}) 11... Nf6 {[%emt 0:01:19]} 12. e5 {[%emt 0:00:22]} Nd5 {[%emt 0:07:28]} 13. d4 {[%emt 0:00:26]} cxd4 {[%emt 0:04:51]} 14. Nxd4 {[%emt 0:01:07]} Nxd4 {[%emt 0:00:12]} 15. Qxd4 {[%emt 0:00:07]} Bc5 {[%emt 0:01:02]} (15... Rc8 $5 {[%cal Rc8c2]} 16. Rd1 Rc2 $15) 16. Qg4 {[%emt 0:01:49]} Rc8 {[%emt 0:07:31]} 17. b4 $2 {[%emt 0:09:44] [#]} (17. Nc3 $11 {und Weiss steht sicher.}) 17... Bxf2+ $2 {[%emt 0:02:13]} ({Black should try} 17... Ne3 $1 $19 {[%cal Re3g4][%mdl 512]} 18. Qe2 (18. fxe3 Bxe3+) 18... Bxg2) 18. Rxf2 {[%emt 0:00:46]} Ne3 {[%emt 0:00:16]} 19. Qe2 $1 {[%emt 0:02:33]} Nxg2 {[%emt 0:05:20]} 20. Nc3 $1 {[%emt 0:00:39]} Qg5 {[%emt 0:03:19]} (20... b5 $5) 21. Rxg2 {[%emt 0:03:38]} Bxg2 {[%emt 0:00:08]} 22. Kxg2 {[%emt 0:00:03]} Rfd8 {[%emt 0:00:05]} 23. Ne4 {[%emt 0:00:06]} Qg6 {[%emt 0:00:08]} 24. Rf1 {[%emt 0:03:22]} Rc7 {[%emt 0:01:19]} 25. Kg1 {[%emt 0:12:55]} h6 {[%emt 0:16:34]} 26. Rf2 {[%emt 0:08:50]} Rd5 {[%emt 0:02:18]} 27. Nc3 {[%emt 0:02:43]} Rd8 {[%emt 0:13:15] [#]} 28. Ne4 {[%emt 0:04:38]} (28. Nb5 $1 $16 {[%cal Rb5c7]} Rcd7 29. Nd6) 28... Rd5 {[%emt 0:00:14]} {White should try} 29. a4 $16 {[%emt 0:00:35]} Rcd7 {[%emt 0:01:29]} 30. Rf1 {[%emt 0:01:34]} Rc7 {[%emt 0:01:02]} 31. b5 {[%emt 0:02:16]} Kh7 {[%emt 0:01:01]} 32. Bc3 {[%emt 0:03:47]} Rd8 $16 {[%emt 0:02:14]} 33. Rf3 {[%emt 0:07:07]} Rdc8 {[%emt 0:01:18]} 34. Bd2 {[%emt 0:01:50]} Rc2 {[%emt 0:03:25]} 35. Nd6 {[%emt 0:05:13]} R8c7 {[%emt 0:00:48]} 36. Rf4 {[%emt 0:10:24]} Ra2 {[%emt 0:01:32]} 37. Rd4 {[%emt 0:01:24]} Qc2 {[%emt 0:03:39]} 38. Qe4+ {[%emt 0:00:44]} Qxe4 {[%emt 0:00:32]} 39. Nxe4 {[%emt 0:00:04]} Rcc2 {[%emt 0:00:05]} 40. Kf2 {[%emt 0:00:24]} Kg6 {[%emt 0:00:52]} 41. Ke3 {[%emt 0:32:31]} Ra3+ {[%emt 0:32:36]} 42. Ke2 {[%emt 0:01:35]} Rca2 {[%emt 0:00:15]} 43. Rd7 {[%emt 0:00:22]} Rxa4 {[%emt 0:00:23]} 44. Nc3 {[%emt 0:00:47]} R4a3 {[%emt 0:01:30]} 45. Nxa2 {[%emt 0:00:05]} Rxa2 {[%emt 0:00:04]} 46. Kd3 {[%emt 0:00:27]} Rb2 {[%emt 0:00:01]} 47. Kc4 {[%emt 0:00:07]} Rc2+ {[%emt 0:00:19]} 48. Kb4 {[%emt 0:00:38]} Rb2+ {[%emt 0:00:08]} 49. Kc4 {[%emt 0:00:14]} Rc2+ {[%emt 0:00:04]} 50. Bc3 {[%emt 0:01:33]} Rxh2 {[%emt 0:00:03]} 51. Rxa7 {[%emt 0:00:03]} Rg2 {[%emt 0:00:11]} 52. Rb7 {[%emt 0:02:29]} Rxg3 {[%emt 0:00:06]} 53. Rxb6 {[%emt 0:00:03]} h5 {[%emt 0:00:07]} 54. Rb8 {[%emt 0:00:04]} Kh7 {[%emt 0:00:06]} 55. b6 {[%emt 0:00:18]} h4 {[%emt 0:00:19]} 56. b7 {[%emt 0:00:12]} h3 {[%emt 0:00:06]} 57. Rd8 {[%emt 0:00:00]} Rg4+ {[%emt 0:00:00]} 58. Kb3 {[%emt 0:00:00]} 1-0

[Event "22nd Hoogeveen Open 2018"]
[Site "Hoogeveen"]
[Date "2018.10.27"]
[Round "9"]
[White "Baskin, Robert"]
[Black "Guseinov, Gadir"]
[Result "0-1"]
[WhiteElo "2348"]
[BlackElo "2667"]
[Annotator "RC"]
[PlyCount "72"]
[EventDate "2018.10.20"]
[EventType "swiss"]
[EventCountry "NED"]
[SourceTitle "playchess.com"]
[Source "ChessBase"]
[SourceQuality "1"]
[TimeControl "40/5400+30:1800+30"]

1. d4 {[%emt 0:00:00]} Nf6 {[%emt 0:00:00]} 2. Nf3 {[%emt 0:00:00]} g6 {[%emt 0:01:27]} 3. g3 {[%emt 0:00:01]} Bg7 {[%emt 0:00:48]} 4. Bg2 {[%emt 0:00:05]} O-O {[%emt 0:00:09]} 5. O-O {[%emt 0:00:04]} d6 {[%emt 0:00:19]} 6. b3 {[%emt 0:00:12]} c5 {[%emt 0:01:52]} 7. Bb2 {[%emt 0:00:19]} Nc6 {[%emt 0:01:11]} 8. d5 {[%emt 0:02:28]} Na5 {[%emt 0:04:22]} 9. c4 {[%emt 0:00:15]} a6 {[%emt 0:02:28]} 10. Nbd2 {[%emt 0:01:52]} b5 {[%emt 0:00:35]} 11. e4 {[%emt 0:01:43]} Rb8 {[%emt 0:00:13]} 12. Bc3 {[%emt 0:03:21]} e6 {[%emt 0:02:42]} 13. e5 {[%emt 0:12:20]} Ng4 {[%emt 0:02:02]} 14. Ne4 {[%emt 0:00:25]} b4 {[%emt 0:04:50]} 15. Bb2 {[%emt 0:00:50]} Nb7 {[%emt 0:00:40]} 16. Qc1 {[%emt 0:20:56]} Nxe5 {[%emt 0:06:31]} 17. Nxe5 {[%emt 0:00:27]} dxe5 {[%emt 0:00:06]} 18. f4 {[%emt 0:04:32]} f5 {[%emt 0:16:01]} 19. Ng5 {[%emt 0:07:10]} e4 {[%emt 0:00:44]} 20. Rd1 {[%emt 0:02:22]} exd5 {[%emt 0:05:38]} 21. cxd5 {[%emt 0:02:15]} Bxb2 {[%emt 0:02:42]} 22. Qxb2 {[%emt 0:00:07]} Qf6 {[%emt 0:00:06]} 23. Qc2 {[%emt 0:00:37]} h6 {[%emt 0:02:06]} 24. Ne6 {[%emt 0:00:07]} Bxe6 {[%emt 0:04:27]} 25. dxe6 {[%emt 0:00:04]} Qxe6 {[%emt 0:01:10]} 26. Bf1 {[%emt 0:00:17]} Kh8 {[%emt 0:01:16]} 27. Qb2+ {[%emt 0:05:50]} Qf6 {[%emt 0:00:43]} 28. Qxf6+ {[%emt 0:00:54]} Rxf6 {[%emt 0:00:02]} 29. Rd5 {[%emt 0:00:21]} Rd6 {[%emt 0:03:24]} 30. Rad1 {[%emt 0:01:18]} Rbd8 {[%emt 0:02:02]} 31. Rxd6 {[%emt 0:00:30]} Rxd6 {[%emt 0:00:05]} 32. Rd3 {[%emt 0:00:04]} Rxd3 {[%emt 0:00:04]} 33. Bxd3 {[%emt 0:00:30]} g5 {[%emt 0:00:30]} 34. Kf2 {[%emt 0:00:30]} gxf4 {[%emt 0:00:30]} 35. gxf4 {[%emt 0:00:30]} Kg7 {[%emt 0:00:30]} 36. Ke3 {[%emt 0:00:30]} Kf6 {[%emt 0:00:30]} 0-1

[Event "22nd Hoogeveen Open 2018"]
[Site "Hoogeveen"]
[Date "2018.10.27"]
[Round "9"]
[White "Bertholee, Rob"]
[Black "Ojas Kulkarni"]
[Result "0-1"]
[WhiteElo "2334"]
[BlackElo "2254"]
[Annotator "NA"]
[PlyCount "74"]
[EventDate "2018.10.20"]
[EventType "swiss"]
[EventCountry "NED"]
[SourceTitle "playchess.com"]
[Source "ChessBase"]
[SourceQuality "1"]
[TimeControl "40/5400+30:1800+30"]

1. e4 {[%emt 0:00:00]} Nf6 {[%emt 0:00:03]} 2. e5 {[%emt 0:00:00]} Nd5 {[%emt 0:00:17]} 3. c4 {[%emt 0:00:00]} Nb6 {[%emt 0:00:07]} 4. c5 {[%emt 0:00:00]} Nd5 {[%emt 0:00:07]} 5. Nc3 {[%emt 0:00:00]} Nxc3 {[%emt 0:00:13]} 6. dxc3 {[%emt 0:00:00]} e6 {[%emt 0:03:02]} 7. Qg4 {[%emt 0:01:30] LiveBook: 6 Games} f5 {[%emt 0:11:14] B02: Alekhine's Defence: Chase Variation and lines with early Nc3} (7... h5 $11 {remains equal.} 8. Qg3 g6) (7... Nc6 8. Nf3 f5 9. exf6 Qxf6 10. Bd3 g6 11. Bg5 Qg7 12. Be3 d6 13. cxd6 cxd6 14. O-O Be7 15. Bc4 e5 16. Qe4 Bd7 {½-½ (16) Ris,R (2415)-Adly,A (2593) Enschede 2008}) 8. Qg3 {[%emt 0:03:13]} b6 {[%emt 0:07:45]} 9. Be2 {[%emt 0:05:22]} Qe7 $1 $146 {[%emt 0:01:38]} ({Predecessor:} 9... g6 10. Bf3 c6 11. Bg5 Be7 12. h4 bxc5 13. Ne2 Ba6 14. O-O-O Bxe2 15. Bxe2 {½-½ (42) Giacometto,M (1952)-Jennings,R (1767) Edinburgh 2015}) 10. Bh5+ {[%emt 0:41:52]} g6 {[%emt 0:00:30]} 11. Bf3 {[%emt 0:00:08]} Nc6 {[%emt 0:00:18] [#]} 12. Bxc6 $1 {[%emt 0:01:21]} dxc6 {[%emt 0:00:09]} 13. Bg5 {[%emt 0:01:12]} Qxc5 {[%emt 0:10:20]} 14. Bf6 {[%emt 0:02:03]} (14. O-O-O $16) 14... Rg8 {[%emt 0:00:06] [#]} 15. O-O-O $1 {[%emt 0:01:31]} Ba6 {[%emt 0:04:27] [#]} 16. Rd4 $1 {[%emt 0:07:28]} Qa5 $2 {[%emt 0:04:51]} (16... Rg7 $16) 17. Qf3 {[%emt 0:03:07]} Bb5 {[%emt 0:03:33]} 18. Qd1 $2 {[%emt 0:05:42]} ({White should play} 18. c4 $18) 18... c5 {[%emt 0:00:53]} 19. Rd8+ {[%emt 0:00:59]} Kf7 {[%emt 0:00:47]} 20. Rd7+ {[%emt 0:02:00]} Ke8 {[%emt 0:00:39]} 21. Rd8+ {[%emt 0:01:36]} Kf7 {[%emt 0:00:03]} 22. Rxa8 {[%emt 0:00:58]} Bh6+ {[%emt 0:02:26]} 23. Kb1 {[%emt 0:00:05]} Rxa8 {[%emt 0:00:14]} 24. Nf3 {[%emt 0:10:56]} Bc6 {[%emt 0:05:22]} 25. h4 $15 {[%emt 0:05:24]} Be4+ {[%emt 0:04:57]} 26. Ka1 {[%emt 0:00:11]} Bd5 {[%emt 0:00:09]} 27. a3 {[%emt 0:01:49]} Qb5 {[%emt 0:02:25]} 28. h5 {[%emt 0:00:09]} g5 {[%emt 0:00:34]} 29. Bxg5 {[%emt 0:00:52]} Qc4 {[%emt 0:01:06]} 30. Qb1 {[%emt 0:01:44]} Bxf3 {[%emt 0:02:14]} 31. Bxh6 {[%emt 0:00:13]} Bxg2 {[%emt 0:01:46]} 32. Rg1 {[%emt 0:00:17]} Rg8 {[%emt 0:00:05]} 33. b3 {[%emt 0:02:43]} Qxc3+ {[%emt 0:01:56]} 34. Ka2 {[%emt 0:00:51]} c4 {[%emt 0:03:54]} 35. b4 {[%emt 0:00:32]} Be4 {[%emt 0:00:34]} 36. Qd1 {[%emt 0:00:15]} Qb3+ {[%emt 0:00:13]} 37. Ka1 {[%emt 0:00:15]} Qxa3# {[%emt 0:00:07]} 0-1